| 000 | 01009nam a2200241Ia 4500 | ||
|---|---|---|---|
| 001 | 23762 | ||
| 003 | GE_BSU | ||
| 008 | 181216s||||||||xx |||||||||||||| ||und|| | ||
| 040 | _cGE_BSU | ||
| 080 | _a821.133.1-31 | ||
| 100 | _aრაბლე, ფრანსუა | ||
| 245 | _aგარგანტუა და პანტაგრუელი | ||
| 245 | _cთარგმნა გურამ გოგიაშვილმა. რედ. მ. ხიდაშელი. შემდგ. მ. ბაქრაძე., ვ. კოტეტიშვილი., ჯ. ქილარჯიანი. მხატვ. გ. კოტეტიშვილი. | ||
| 260 | _aთბილისი | ||
| 260 | _bიანუსი | ||
| 260 | _c1991 | ||
| 300 | _a384გვ. ; 20სმ. | ||
| 300 | _eშენიშვნები: გვ. 361-378 | ||
| 541 | _h10 ლ. | ||
| 653 | _aგარგანტუა და პანტაგრუელი | ||
| 653 | _aრომანი | ||
| 942 | _cBK | ||
| 999 |
_c56640 _d56640 |
||